01125cam a2200325 a 450000100090000000300040000900500170001300800410003001000170007102000350008802000320012302000420015502000390019702000420023602000390027802000420031702000380035904000180039705000220041508200190043710000210045624500830047725000120056026000360057230000580060850400510066665000360071770000220075370000240077516010760OSt20151112131946.0091207s2010 nyua b 001 0 eng  a 2009051330 a9780073376622 (acidfree paper) a0073376620 (acidfree paper) a9780077338442 (v. 1 : acidfree paper) a0077338448 (v. 1 : acidfree paper) a9780077338459 (v. 2 : acidfree paper) a0077338456 (v. 2 : acidfree paper) a9780077429409 (v. 2 : acidfree paper) a0077429400 (v. 2 : acidfree paper aDLCcDLCdDLC00aCB245b.M375 201000a909/.098212221 aMatthews, Roy T.14aThe Western humanities /cRoy T. Matthews, F. Dewitt Platt, Thomas F.X. Noble. a7th ed. aNew York :bMcGraw-Hill,c2010. a2 v. (various pagings) :bill. (some col. ) ;c28 cm. aIncludes bibliographical references and index. 0aCivilization, WesternxHistory.1 aPlatt, F. DeWitt.1 aNoble, Thomas F. X.